000 00665nam a2200205 i 4500
001 106375
003 ES-MaACL
005 20230906184128.0
007 t|
008 061103s1934 fr ||||1| fre d
080 _a929 Sardou, Victorien
100 1 _aSardou, Victorien.
_9103800
245 1 4 _aLes papiers de Victorien Sardou
_b: notes et souvenirs /
_crassemblés et annotés par Georges Mouly.
260 _aParis :
_bAlbin Michel,
_c[1934]
300 _a478 p. :
_bil. ;
_c22 cm.
500 _aBiblioteca Jacinto Martínez Lacalle.
600 1 4 _aSardou, Victorien.
_9103800
700 1 _aMouly, Georges.
_983872
852 _aES-MaACL
_jE-11367
_bR.139026
999 _c106375
_d106375